000 00738nam a2200181Ia 4500
008 100920s9999 xx 000 0 und d
082 _b90583
_a28 व 891 थ 95
100 _aमहाजन जगन्नाथ भ.
245 _aराजपुत्र राजीव आणि दरोडेखोर.
260 _bअनमोल प्रकाशन, पुणे 2.
_c1995
300 _a32
_bसाधी
365 _b4
520 _aबा.वि.लघुकथा.
630 _aराजपुत्र राजीव आणि दरोडेखोर.
650 _aबा.वि.लघुकथा.
730 _aराजपुत्र राजीव आणि दरोडेखोर.
942 _cBOOK
999 _c731068
_d731065